Shoes : What Every Woman Should Know /

Guardado en:
Bibliografiske detaljer
Hovedforfatter: Pedersen, Stephanie (autor)
Format: Bog
Sprog:engelsk
Udgivet: Newton Abbot, EUA : David and Charles, 2005, c2005
Fag:
Tags: Tilføj Tag
Ingen Tags, Vær først til at tagge denne postø!

MARC

LEADER 00000nam^a2200000^a^4500
001 000328021
005 20250521000000.0
009 20260310113853.331
020 |a 0-7153-2234-6 
037 |a Acervo ITESO - Biblioteca 
041 |a ING 
082 |a 685. 3102  |b PED 
100 |a Pedersen, Stephanie  |e (autor) 
245 1 0 |a Shoes :  |b What Every Woman Should Know /  |c S. Pedersen. 
264 4 |a Newton Abbot, EUA :  |b David and Charles,  |c 2005, c2005 
300 |a 128 p. 
336 |a texto  |b txt  |2 rdacontenido 
337 |a sin mediación  |b n  |2 rdamedio 
338 |a volumen  |b nc  |2 rdasoporte 
649 |a XX 
650 |a Zapatos -  |x Tema Principal 
650 |a Zapatos -  |x Historia -  |y Siglo XX 
650 |a Industria del Calzado 
650 |a Moda 
650 |a Diseño de Moda 
650 |a Diseño Industrial 
910 |a Fondo General 
920 |a Impresos - Libros 
930 |a Colección General 
905 |a 101 
901 |a 0500217253  |b IT1  |c ACC  |i C135754  |u 20250521 
902 |a https://opac.biblio.iteso.mx/vufind/Record/000328021